Der soziologische Rechtsbegriff: eine systematische Darstellung
| Main Author: | |
|---|---|
| Format: | Print Book |
| Language: | German |
| Published: |
Berlin
Duncker & Humblot
1977
|
| In: |
Schriftenreihe zur Rechtssoziologie und Rechtstatsachenforschung (41)
Year: 1977 |
| Availability in Tübingen: | Present in Tübingen. IFK: O III 106 |
| Check availability: | HBZ Gateway |
| Subito Delivery Service: | Order now. |
| Keywords: |
MARC
| LEADER | 00000cam a2200000 c 4500 | ||
|---|---|---|---|
| 001 | 023300485 | ||
| 003 | DE-627 | ||
| 005 | 20260206205152.0 | ||
| 007 | tu | ||
| 008 | 710101s1977 gw ||||| m 00| ||ger c | ||
| 010 | |a 77578744 | ||
| 015 | |a 77,A46,0167 |2 dnb | ||
| 016 | 7 | |a 770434819 |2 DE-101 | |
| 020 | |a 3428039599 |9 3-428-03959-9 | ||
| 035 | |a (DE-627)023300485 | ||
| 035 | |a (DE-603)017346738 | ||
| 035 | |a (DE-576)006529712 | ||
| 035 | |a (DE-599)GBV023300485 | ||
| 035 | |a (OCoLC)164229087 | ||
| 035 | |a (OCoLC)03847005 | ||
| 035 | |a (OCoLC)610711227 | ||
| 035 | |a (DE-604)8022495665 | ||
| 040 | |a DE-627 |b ger |c DE-627 |e rakwb | ||
| 041 | |a ger | ||
| 044 | |c XA-DE | ||
| 050 | 0 | |a K372 | |
| 082 | 0 | |a 340.1/15 |q LOC | |
| 084 | |a 04a |a 05b |2 sdnb | ||
| 084 | |a PI 5020 |2 rvk |0 (DE-625)rvk/136634: | ||
| 084 | |a MS 6800 |2 rvk |0 (DE-625)rvk/123768: | ||
| 084 | |a 86.03 |2 bkl | ||
| 084 | |a 86.02 |2 bkl | ||
| 100 | 1 | |8 1\p |a Bechtler, Thomas W. |d 1949- |0 (DE-588)170385108 |0 (DE-627)060467746 |0 (DE-576)131277367 |4 aut | |
| 109 | |a Bechtler, Thomas W. 1949- | ||
| 245 | 1 | 4 | |a Der soziologische Rechtsbegriff |b eine systematische Darstellung |c von Thomas W. Bechtler |
| 264 | 1 | |a Berlin |b Duncker & Humblot |c 1977 | |
| 300 | |a 216 S. | ||
| 336 | |a Text |b txt |2 rdacontent | ||
| 337 | |a ohne Hilfsmittel zu benutzen |b n |2 rdamedia | ||
| 338 | |a Band |b nc |2 rdacarrier | ||
| 490 | 1 | |a Schriftenreihe zur Rechtssoziologie und Rechtstatsachenforschung |v 41 | |
| 500 | |a Mit Bibliogr | ||
| 502 | |a Zugl.: Zürich, Univ., Diss., 1977 | ||
| 505 | 8 | |a Literaturverz. S. [202] - 216 | |
| 650 | 0 | |a Sociological jurisprudence | |
| 650 | 4 | |a Rechtswissenschaft | |
| 650 | 4 | |a Rechtssoziologie | |
| 655 | 7 | |a Hochschulschrift |0 (DE-588)4113937-9 |0 (DE-627)105825778 |0 (DE-576)209480580 |2 gnd-content | |
| 689 | 0 | 0 | |d s |0 (DE-588)4177201-5 |0 (DE-627)105350370 |0 (DE-576)20997589X |a Rechtsbegriff |2 gnd |
| 689 | 0 | 1 | |d s |0 (DE-588)4077624-4 |0 (DE-627)104152036 |0 (DE-576)209205849 |a Soziologie |2 gnd |
| 689 | 0 | |5 (DE-627) | |
| 689 | 1 | 0 | |d s |0 (DE-588)4048837-8 |0 (DE-627)104814330 |0 (DE-576)209079452 |a Rechtssoziologie |2 gnd |
| 689 | 1 | |5 (DE-627) | |
| 751 | |a Zürich |0 (DE-588)4068038-1 |0 (DE-627)106106651 |0 (DE-576)209172541 |4 uvp | ||
| 830 | 0 | |a Schriftenreihe zur Rechtssoziologie und Rechtstatsachenforschung |v 41 |9 41 |w (DE-627)130189243 |w (DE-576)015732827 |w (DE-600)528915-4 |x 0720-7514 |7 am | |
| 883 | |8 1\p |a cgwrk |d 20241001 |q DE-101 |u https://d-nb.info/provenance/plan#cgwrk | ||
| 889 | |w (DE-627)435974866 | ||
| 935 | |i mdedup | ||
| 935 | |i Blocktest | ||
| 935 | |h HEB |i 0501 | ||
| 935 | |h HEB |i 0503 | ||
| 936 | r | v | |a PI 5020 |b Einzeldarstellungen |k Rechtswissenschaft |k Allgemeine Rechtslehre und Rechtstheorie, Rechts- und Staatsphilosophie, Rechtssoziologie |k Rechtssoziologie, Rechtstatsachenforschung |k Einzeldarstellungen |0 (DE-627)1271266474 |0 (DE-625)rvk/136634: |0 (DE-576)201266474 |
| 936 | r | v | |a MS 6800 |b Allgemeines, Recht und Gesellschaft |k Soziologie |k Spezielle Soziologien |k Rechtssoziologie |k Allgemeines, Recht und Gesellschaft |0 (DE-627)1271441519 |0 (DE-625)rvk/123768: |0 (DE-576)201441519 |
| 936 | b | k | |a 86.03 |j Rechtstheorie |j Rechtsmethodik |j Allgemeine Rechtslehre |0 (DE-627)10642095X |
| 936 | b | k | |a 86.02 |j Rechtsphilosophie |0 (DE-627)181571986 |
| 936 | s | n | |a p100 |2 mzub |
| 936 | s | n | |a m200 |2 mzub |
| 951 | |a BO | ||
| ELC | |b 1 | ||
| LOK | |0 000 xxxxxcx a22 zn 4500 | ||
| LOK | |0 001 3129028021 | ||
| LOK | |0 003 DE-627 | ||
| LOK | |0 004 023300485 | ||
| LOK | |0 005 20140626151003 | ||
| LOK | |0 008 070628||||||||||||||||ger||||||| | ||
| LOK | |0 040 |a DE-21-110 |c DE-627 |d DE-21-110 | ||
| LOK | |0 689 |a s |a Rechtssoziologie | ||
| LOK | |0 852 |a DE-21-110 | ||
| LOK | |0 852 1 |c O III 106 |m p |9 00 | ||
| LOK | |0 936ln |a 7.1 | ||
| LOK | |0 938 |k p | ||
| LOK | |0 939 |a 28-06-07 |b l01 | ||
| ORI | |a SA-MARC-krimdoka001.raw | ||
| SIG | |a IFK: O III 106 | ||
